[Event "Anapa Sea Harbor op"]
[Site "Anapa"]
[Date "2023.06.08"]
[Round "7"]
[White "Gorbunov, Evgeny Alekseevich"]
[Black "Neronov, Mark V"]
[Result "1/2-1/2"]
[WhiteElo "2073"]
[BlackElo "1776"]
[PlyCount "58"]
[EventDate "2023.06.02"]
[EventType "swiss"]
[EventRounds "9"]
[EventCountry "RUS"]
[SourceTitle "CBM 214 Extra"]
[Source "ChessBase"]
[SourceDate "2023.07.31"]
[SourceVersion "1"]
[SourceVersionDate "2023.07.31"]
[SourceQuality "1"]

1. e4 c5 2. d3 Nc6 3. f4 e6 4. Nf3 d5 5. Be2 Nf6 6. e5 Nd7 7. c3 Be7 8. d4 c4 9. b3 Nb6 10. Ba3 Bd7 11. 0-0 0-0 12. Bxe7 Qxe7 13. Nbd2 Na5 14. b4 Nc6 15. a4 a5 16. b5 Nd8 17. Rf2 Be8 18. Nf1 Nd7 19. Ne3 f6 20. Qf1 fxe5 21. fxe5 Bg6 22. g3 Nf7 23. h4 Nh6 24. Qh3 Nf5 25. Ng2 Nh6 26. Ne3 Nf5 27. Ng2 Nh6 28. Ne3 Nf5 29. Ng2 Nh6 1/2-1/2

[Event "Gelendzhik Rapid op"]
[Site "Gelendzhik"]
[Date "2023.05.27"]
[Round "2"]
[White "Neronov, Mark V"]
[Black "Kovanova, Baira"]
[Result "1/2-1/2"]
[WhiteElo "1783"]
[BlackElo "2304"]
[PlyCount "61"]
[EventDate "2023.05.27"]
[EventType "swiss (rapid)"]
[EventRounds "11"]
[EventCountry "RUS"]
[SourceTitle "CBM 214 Extra"]
[Source "ChessBase"]
[SourceDate "2023.07.31"]
[SourceVersion "1"]
[SourceVersionDate "2023.07.31"]
[SourceQuality "1"]

1. e4 e5 2. Nf3 Nc6 3. d4 exd4 4. Nxd4 Nf6 5. Nxc6 bxc6 6. e5 Qe7 7. Qe2 Nd5 8. c4 Nb6 9. b3 Qe6 10. g3 a5 11. a3 Ba6 12. Nd2 d5 13. exd6 cxd6 14. Bb2 a4 15. b4 0-0-0 16. Qxe6+ fxe6 17. Bd4 c5 18. Be3 Bb7 19. Rg1 Nd7 20. Bh3 Re8 21. 0-0-0 Kc7 22. bxc5 d5 23. Rge1 Nxc5 24. Bxc5 Bxc5 25. Bxe6 Bxf2 26. Rf1 Rxe6 27. Rxf2 Re7 28. cxd5 Rd8 29. Nb1 Rxd5 30. Rxd5 Bxd5 31. Nc3 1/2-1/2

[Event "Sochi City Park op"]
[Site "Sochi"]
[Date "2022.09.19"]
[Round "5"]
[White "Neronov, Mark V"]
[Black "Aleksandrov, Danila"]
[Result "0-1"]
[WhiteElo "1685"]
[BlackElo "2130"]
[PlyCount "120"]
[EventDate "2022.09.15"]
[EventType "swiss"]
[EventRounds "9"]
[EventCountry "RUS"]
[SourceTitle "EXT 2023"]
[Source "ChessBase"]
[SourceDate "2022.10.05"]
[SourceVersion "1"]
[SourceVersionDate "2022.10.05"]
[SourceQuality "1"]

1. Nf3 c5 2. c4 Nc6 3. Nc3 g6 4. e3 Nf6 5. d4 cxd4 6. exd4 d5 7. cxd5 Nxd5 8. Bc4 Nxc3 9. Qb3 e6 10. bxc3 Bg7 11. Ba3 Bf8 12. 0-0 Na5 13. Bb5+ Bd7 14. Qa4 Bxa3 15. Bxd7+ Qxd7 16. Qxa5 Bd6 17. Ne5 Qc7 18. Qxc7 Bxc7 19. f4 Rc8 20. Rab1 Bb6 21. Rfc1 Rxc3 22. Rxc3 Bxd4+ 23. Kf1 Bxc3 24. Rxb7 0-0 25. Rxa7 Bxe5 26. fxe5 Rc8 27. Ra5 Rc2 28. a4 Ra2 29. Ra7 g5 30. h3 h5 31. a5 Kg7 32. Ra8 h4 33. a6 Kg6 34. Rg8+ Kf5 35. Rf8 Rxa6 36. Rxf7+ Kxe5 37. Kf2 Ke4 38. Rb7 Ra2+ 39. Kg1 e5 40. Rg7 Kf4 41. Rf7+ Ke3 42. Rf5 e4 43. Rxg5 Ra1+ 44. Kh2 Kd3 45. Rd5+ Kc4 46. Rd8 e3 47. Rc8+ Kd3 48. Rd8+ Kc3 49. Rc8+ Kd2 50. Rd8+ Ke1 51. g3 Ra2+ 52. Kg1 hxg3 53. h4 Rh2 54. Rd3 Ke2 55. Rd8 Kf3 56. Rf8+ Kg4 57. Rg8+ Kh3 58. Re8 e2 59. h5 Rg2+ 60. Kh1 Rf2 0-1

[Event "Tuapse Rapid op"]
[Site "Tuapse"]
[Date "2022.06.26"]
[Round "1"]
[White "Neronov, Mark V"]
[Black "Turov, Maxim"]
[Result "0-1"]
[WhiteElo "1464"]
[BlackElo "2565"]
[PlyCount "62"]
[EventDate "2022.06.26"]
[EventType "swiss (rapid)"]
[EventRounds "11"]
[EventCountry "RUS"]
[SourceTitle "CBM 209 Extra"]
[Source "ChessBase"]
[SourceDate "2022.09.30"]
[SourceVersion "1"]
[SourceVersionDate "2022.09.30"]
[SourceQuality "1"]

1. Nf3 Nf6 2. c4 e6 3. b3 Be7 4. Bb2 0-0 5. g3 a5 6. Bg2 d5 7. 0-0 a4 8. d3 c6 9. Nbd2 a3 10. Bc3 Na6 11. e4 Bb4 12. Bxb4 Nxb4 13. e5 Nd7 14. d4 b6 15. Ne1 c5 16. dxc5 Nxe5 17. f4 Nec6 18. cxb6 Qxb6+ 19. Kh1 Rd8 20. cxd5 exd5 21. Nc2 Ba6 22. Rf3 Nxc2 23. Qxc2 Nd4 24. Qd1 Be2 25. Qg1 Qb4 26. Qe1 Re8 27. Rf2 Nc2 28. Rxe2 Nxe1 29. Raxe1 Rxe2 30. Rxe2 Qb5 31. Re5 Re8 0-1

[Event "EU-ch Schools U13"]
[Site "Tornelo INT"]
[Date "2021.12.12"]
[Round "8"]
[White "Neronov, Mark V"]
[Black "Volkov, Maksim"]
[Result "0-1"]
[WhiteElo "1572"]
[BlackElo "2153"]
[PlyCount "108"]
[EventDate "2021.12.03"]
[EventType "swiss (rapid)"]
[EventRounds "7"]
[EventCountry "NET"]
[SourceTitle "EXT 2023"]
[Source "ChessBase"]
[SourceDate "2022.10.05"]
[SourceVersion "1"]
[SourceVersionDate "2022.10.05"]
[SourceQuality "1"]

1. d3 d5 2. g3 Nf6 3. Nf3 Bg4 4. Bg2 e6 5. 0-0 Be7 6. Nbd2 0-0 7. c4 c6 8. b3 Nbd7 9. Bb2 Re8 10. Qc2 Bd6 11. d4 Bf5 12. Qd1 h6 13. Re1 Bh7 14. h3 Qc7 15. c5 Bf8 16. Rc1 a5 17. Kh1 b6 18. cxb6 Qxb6 19. Ng1 e5 20. e3 a4 21. dxe5 Nxe5 22. Bd4 Qa6 23. Bxe5 Rxe5 24. bxa4 Ba3 25. Rc3 Bb4 26. Bf1 Qa5 27. Nb3 Qxa4 28. Rc1 Bxe1 29. Qxe1 Ree8 30. Nd4 Ne4 31. Nxc6 Qxa2 32. Ne2 Ng5 33. Bg2 Be4 34. Bxe4 dxe4 35. Ncd4 Nxh3 36. Kg2 Ng5 37. Qc3 Qa3 38. Qc6 Qa6 39. Qd5 Rac8 40. Rb1 Rb8 41. Rc1 Rb2 42. Qd7 Rf8 43. Rc6 Qd3 44. Rc3 Qd2 45. Qc6 Nf3 46. Qxe4 Nxd4 47. exd4 Qxe2 48. Qf4 Rb1 49. Rc5 Qf1+ 50. Kf3 Qd1+ 51. Ke4 Re8+ 52. Kd5 Qb3+ 53. Kd6 Qe6+ 54. Kc7 Rc8# 0-1

[Event "EU-ch Schools U13"]
[Site "Tornelo INT"]
[Date "2021.12.04"]
[Round "4"]
[White "Hobson, Kenneth"]
[Black "Neronov, Mark V"]
[Result "0-1"]
[WhiteElo "1632"]
[BlackElo "1572"]
[PlyCount "122"]
[EventDate "2021.12.03"]
[EventType "swiss (rapid)"]
[EventRounds "7"]
[EventCountry "NET"]
[SourceTitle "EXT 2023"]
[Source "ChessBase"]
[SourceDate "2022.10.05"]
[SourceVersion "1"]
[SourceVersionDate "2022.10.05"]
[SourceQuality "1"]

1. e4 c6 2. d4 d5 3. exd5 cxd5 4. Bd3 Nc6 5. c3 Nf6 6. Bf4 Bg4 7. Qb3 Qd7 8. Nd2 e6 9. Ngf3 Bd6 10. Bxd6 Qxd6 11. 0-0 0-0 12. Rfe1 Nd7 13. Qc2 g6 14. h3 Bf5 15. Bxf5 gxf5 16. Nb3 Nf6 17. Ne5 Ne4 18. f3 Nf6 19. Qd2 Kh8 20. Qf4 Nxe5 21. dxe5 Qb6+ 22. Nd4 Nd7 23. Re2 Rg8 24. g4 Raf8 25. Kh1 fxg4 26. hxg4 f6 27. exf6 e5 28. Rxe5 Nxe5 29. Qxe5 Qxf6 30. Qxd5 Rd8 31. Qe4 Rge8 32. Qf5 Qxf5 33. gxf5 Rg8 34. Re1 Rd6 35. Re6 Rxe6 36. fxe6 Kg7 37. Kg2 Kf6+ 38. Kh3 Ke5 39. Kh4 Kf6 40. f4 Rg2 41. b3 Rxa2 42. Kg4 Rg2+ 43. Kf3 Rg8 44. Ke4 h5 45. Kd5 Rd8+ 46. Kc5 h4 47. e7 Re8 48. Nf3 h3 49. Kd6 Rxe7 50. c4 Re3 51. Ne5 Kf5 52. Kc7 h2 53. Kxb7 h1Q+ 54. Nc6 Re6 55. Ka6 Qxc6+ 56. Ka5 Qb6+ 57. Ka4 a5 58. Ka3 Re3 59. Kb2 Qxb3+ 60. Kc1 Rd3 61. c5 Rd1# 0-1

[Event "EU-ch Schools U13"]
[Site "Tornelo INT"]
[Date "2021.12.04"]
[Round "5"]
[White "Neronov, Mark V"]
[Black "Hobson, Kenneth"]
[Result "1-0"]
[WhiteElo "1572"]
[BlackElo "1632"]
[PlyCount "60"]
[EventDate "2021.12.03"]
[EventType "swiss (rapid)"]
[EventRounds "7"]
[EventCountry "NET"]
[SourceTitle "EXT 2023"]
[Source "ChessBase"]
[SourceDate "2022.10.05"]
[SourceVersion "1"]
[SourceVersionDate "2022.10.05"]
[SourceQuality "1"]

1. Nf3 Nf6 2. c4 e6 3. Nc3 d5 4. e3 b6 5. d4 Bb7 6. Be2 Nbd7 7. 0-0 a6 8. b3 Bd6 9. Bb2 0-0 10. Rc1 c5 11. cxd5 Nxd5 12. Nxd5 Bxd5 13. Qd2 Rc8 14. Rfd1 Nf6 15. Ne5 Ne4 16. Qe1 Qg5 17. Qf1 f6 18. Nc4 Bc7 19. Nd2 Qh6 20. f4 g5 21. Nxe4 Bxe4 22. g3 gxf4 23. exf4 e5 24. dxe5 fxe5 25. Bc4+ Kh8 26. Qe2 Rxf4 27. gxf4 Rg8+ 28. Bxg8 Qg6+ 29. Kf1 Qf5 30. Be6 Qh3+ 1-0

[Event "Black Sea GP Rapid"]
[Site "Evpatoria"]
[Date "2021.10.28"]
[Round "1"]
[White "Pridorozhni, Aleksei"]
[Black "Neronov, Mark V"]
[Result "1-0"]
[WhiteElo "2564"]
[BlackElo "1495"]
[PlyCount "57"]
[EventDate "2021.10.28"]
[EventType "swiss (rapid)"]
[EventRounds "9"]
[EventCountry "UKR"]
[SourceTitle "CBM 204 Extra"]
[Source "ChessBase"]
[SourceDate "2021.11.30"]
[SourceVersion "1"]
[SourceVersionDate "2021.11.30"]
[SourceQuality "1"]

1. e4 c6 2. Nc3 d5 3. Qe2 d4 4. Nd1 e5 5. g3 Nf6 6. d3 Bg4 7. f3 Be6 8. f4 Bg4 9. Nf3 Nbd7 10. Bg2 Bd6 11. 0-0 Qc7 12. Nf2 h5 13. f5 0-0-0 14. c4 Rdg8 15. Nxg4 hxg4 16. Ng5 Nf8 17. Rb1 N8h7 18. b4 Nxg5 19. Bxg5 Rh5 20. Bxf6 gxf6 21. h4 Bf8 22. Rb3 Bh6 23. Rfb1 Be3+ 24. Kf1 b6 25. c5 b5 26. a4 a6 27. Ra3 Kd7 28. axb5 axb5 29. Qa2 1-0

[Event "EU-ch Hybrid U12"]
[Site "Tornelo INT"]
[Date "2021.10.15"]
[Round "2"]
[White "Neronov, Mark V"]
[Black "Kote, Aleks"]
[Result "1-0"]
[WhiteElo "1495"]
[BlackElo "1301"]
[PlyCount "77"]
[EventDate "2021.10.15"]
[EventType "swiss"]
[EventRounds "9"]
[EventCountry "NET"]
[SourceTitle "EXT 2023"]
[Source "ChessBase"]
[SourceDate "2022.10.05"]
[SourceVersion "1"]
[SourceVersionDate "2022.10.05"]
[SourceQuality "1"]
[WhiteTeam "Russia"]
[BlackTeam "Albania"]
[WhiteTeamCountry "RUS"]
[BlackTeamCountry "ALB"]

1. Nf3 Nf6 2. c4 g6 3. Nc3 Bg7 4. e4 d6 5. d4 0-0 6. Be2 Nc6 7. 0-0 e5 8. d5 Ne7 9. b4 c6 10. dxc6 bxc6 11. Bg5 Qc7 12. Qd2 Rd8 13. Rfd1 Bb7 14. Rac1 a6 15. a4 c5 16. Bxf6 Bxf6 17. Nd5 Nxd5 18. cxd5 Qb6 19. bxc5 dxc5 20. Qc3 Rac8 21. Rb1 Qa7 22. Nd2 Ba8 23. Nc4 Rb8 24. a5 Rxb1 25. Rxb1 Rb8 26. Rxb8+ Qxb8 27. Nb6 Be7 28. Bxa6 f6 29. Bc4 Kg7 30. Qb3 Bd8 31. Qb5 Qa7 32. Qa6 Bxb6 33. axb6 Qb8 34. Qa7+ Qxa7 35. bxa7 Kf8 36. Bb5 Ke7 37. Bc6 c4 38. Kf1 c3 39. Ke1 1-0

[Event "RUS-chT U11"]
[Site "Sochi"]
[Date "2019.05.08"]
[Round "7.4"]
[White "Neronov, Mark V"]
[Black "Efimov, Artem Dm"]
[Result "1-0"]
[WhiteElo "1236"]
[BlackElo "1031"]
[PlyCount "73"]
[EventDate "2019.05.01"]
[EventType "team-tourn"]
[EventRounds "9"]
[EventCountry "RUS"]
[SourceTitle "EXT 2022"]
[Source "ChessBase"]
[SourceDate "2021.10.06"]
[SourceVersion "1"]
[SourceVersionDate "2021.10.06"]
[SourceQuality "1"]

1. d3 c5 2. g3 g6 3. Nf3 Bg7 4. Bg2 Nc6 5. 0-0 d6 6. Nbd2 e5 7. Rb1 Nge7 8. b3 Be6 9. Bb2 0-0 10. c3 Qa5 11. Qc2 Rac8 12. Nc4 Qc7 13. e4 b5 14. Ne3 a6 15. Nd2 f5 16. Nd5 Qb7 17. Qd1 Bxd5 18. exd5 Nb8 19. c4 b4 20. f4 Nd7 21. Qe2 Rfe8 22. Nf3 exf4 23. Qe6+ Kh8 24. Bxg7+ Kxg7 25. Ng5 Ne5 26. gxf4 h6 27. fxe5 hxg5 28. Qf6+ Kg8 29. exd6 Rf8 30. Qxe7 Qb8 31. Qe6+ Kh7 32. d7 Rcd8 33. Qe7+ Kg8 34. Rbe1 Rf7 35. Qe8+ Rf8 36. Qxg6+ Kh8 37. Re7 1-0